Statistics for Geography tile select (#6)

Click here to take the quiz!

General Stats

  • This quiz has been taken 46 times
  • The average score is 43 of 60

Answer Stats

QuestionTileSelect% Correct
island nationsJordanNo
100%
island nationsLaosNo
100%
island nationsMongoliaNo
100%
island nationsOmanNo
100%
island nationsGuyanaNo
98%
island nationsSao TomeYes
95%
island nationsThailandNo
95%
seas that border mainland AustraliaYellow SeaNo
95%
island nationsSan MarinoNo
93%
seas that border mainland AustraliaSargasso SeaNo
93%
seas that border mainland AustraliaTasman SeaYes
93%
Lusophone countriesArmeniaNo
91%
seas that border mainland AustraliaAndaman SeaNo
88%
island nationsUnited KingdomYes
88%
Lusophone countriesCyprusNo
86%
seas that border mainland AustraliaCoral SeaYes
84%
island nationsGrenadaYes
84%
countries with at least 500 km² of reclaimed landNamibiaNo
84%
countries with at least 500 km² of reclaimed landCape VerdeNo
81%
seas that border mainland AustraliaCelebes SeaNo
81%
seas that border mainland AustraliaFlores SeaNo
81%
Lusophone countriesIndonesiaNo
81%
Lusophone countriesNorth MacedoniaNo
81%
seas that border mainland AustraliaSulu SeaNo
81%
seas that border mainland AustraliaBeaufort SeaNo
79%
Lusophone countriesGuatemalaNo
79%
seas that border mainland AustraliaKara SeaNo
79%
countries with a state religionSwitzerlandNo
79%
countries with at least 500 km² of reclaimed landVanuatuNo
79%
countries with at least 500 km² of reclaimed landPanamaNo
77%
island nationsSingaporeYes
77%
countries with a state religionAlgeriaYes
74%
countries with at least 500 km² of reclaimed landGreeceNo
74%
seas that border mainland AustraliaTimor SeaYes
74%
countries with a state religionUruguayNo
74%
countries with a state religionAustriaNo
72%
island nationsBahrainYes
72%
countries with a state religionCubaNo
72%
countries with at least 500 km² of reclaimed landChileNo
70%
Lusophone countriesSurinameNo
70%
countries with a state religionVietnamNo
70%
countries with at least 500 km² of reclaimed landChinaYes
67%
countries with at least 500 km² of reclaimed landUSAYes
67%
countries with at least 500 km² of reclaimed landNorwayNo
65%
Lusophone countriesSão Tomé and PrincipeYes
65%
countries with a state religionGeorgiaNo
63%
Lusophone countriesCape VerdeYes
58%
countries with at least 500 km² of reclaimed landJapanYes
58%
Lusophone countriesMozambiqueYes
56%
Lusophone countriesAngolaYes
53%
countries with a state religionComorosYes
49%
countries with at least 500 km² of reclaimed landNetherlandsYes
49%
Lusophone countriesBrazilYes
47%
countries with a state religionMaltaYes
42%
Lusophone countriesEast TimorYes
40%
countries with a state religionDenmarkYes
33%
countries with at least 500 km² of reclaimed landSouth KoreaYes
33%
countries with a state religionSudanNo
33%
countries with a state religionLiechtensteinYes
26%
seas that border mainland AustraliaArafura SeaYes
14%

Score Distribution

Percentile by Number Answered

Percent of People with Each Score

Your Score History

You have not taken this quiz